000
00286nam a22001337a 4500
008
170328b xxu||||| |||| 00| 0 eng d
020
_a
0910317720
041
_a
eng
080
_a
796.3
100
_a
8
101
_a
SHM
245
_a
OCCUPATIONAL THERAPY
_c
ALLEN, C.K
942
_2
udc
_c
BK
999
_c
8811
_d
8811